000 00720nam a2200181Ia 4500
008 100921s9999 xx 000 0 und d
082 _b23971
_a891.463 थ 88
100 _aजावडेकर सुबोध.
245 _aआकांत-भोपाळ वायु दुर्घटना.
260 _bग्रंथाली प्रकाशन, मुंबई.
_c1988
300 _a102
_b---
365 _b25
520 _aललित-कादंबरी.
630 _aआकांत-भोपाळ वायु दुर्घटना.
650 _aललित-कादंबरी.
730 _aआकांत-भोपाळ वायु दुर्घटना.
942 _cBOOK
999 _c773084
_d773081